[Event "Galapagar op 09th"]
[Site "Galapagar"]
[Date "2008.07.24"]
[Round "6"]
[White "De Armentia Roldan, Benigno"]
[Black "Castejon Chacon, Juan"]
[Result "1/2-1/2"]
[WhiteElo "1869"]
[BlackElo "1820"]
[PlyCount "63"]
[EventDate "2008.07.19"]
[EventType "swiss"]
[EventRounds "9"]
[EventCountry "ESP"]
[SourceTitle "EXT 2009"]
[Source "ChessBase"]
[SourceDate "2008.11.26"]
[SourceVersion "1"]
[SourceVersionDate "2008.11.26"]
[SourceQuality "1"]

1. d4 Nf6 2. Nf3 d5 3. g3 g6 4. Bg2 Bg7 5. 0-0 Nc6 6. c4 dxc4 7. Qa4 0-0 8. Rd1 Bg4 9. Qxc4 Bxf3 10. exf3 Qd5 11. Qxd5 Nxd5 12. Be3 Rad8 13. Nc3 e6 14. Rac1 a6 15. Ne4 Nce7 16. Nc5 Nf5 17. Rd3 Nd6 18. Bg5 Bf6 19. Bxf6 Nxf6 20. Ne4 Nd5 21. f4 c6 22. a3 Nb5 23. b4 Ne7 24. Nc5 Nxd4 25. Kf1 Nb5 26. Rxd8 Rxd8 27. Nxb7 Rb8 28. Nc5 Nxa3 29. Nxa6 Rb6 30. Nc7 Rxb4 31. Bxc6 Nxc6 32. Rxc6 1/2-1/2

[Event "Galapagar op 09th"]
[Site "Galapagar"]
[Date "2008.07.20"]
[Round "2"]
[White "Martinez Rubio, Felipe"]
[Black "Castejon Chacon, Juan"]
[Result "0-1"]
[WhiteElo "1923"]
[BlackElo "1820"]
[PlyCount "80"]
[EventDate "2008.07.19"]
[EventType "swiss"]
[EventRounds "9"]
[EventCountry "ESP"]
[SourceTitle "EXT 2009"]
[Source "ChessBase"]
[SourceDate "2008.11.26"]
[SourceVersion "1"]
[SourceVersionDate "2008.11.26"]
[SourceQuality "1"]

1. d4 Nf6 2. Bg5 Ne4 3. Bf4 c5 4. f3 Qa5+ 5. c3 Nf6 6. Nd2 cxd4 7. Nb3 Qd8 8. cxd4 e6 9. e4 Bb4+ 10. Kf2 0-0 11. Rc1 b6 12. Bc7 Qe8 13. a3 Be7 14. Bd3 Bb7 15. Ne2 Nc6 16. Re1 Rc8 17. Bf4 Qd8 18. Nc3 Nh5 19. Be3 Bg5 20. Qe2 Nf4 21. Qd2 e5 22. dxe5 Nxe5 23. Bf1 Qf6 24. g3 Ne6 25. Bxg5 Nxg5 26. Qf4 Nd3+ 27. Bxd3 Nh3+ 28. Kg2 Nxf4+ 29. gxf4 Qxf4 30. Ne2 Qg5+ 31. Ng3 Rxc1 32. Rxc1 h5 33. h4 Qe3 34. Rd1 g6 35. Ne2 d5 36. Ng3 dxe4 37. Nxe4 Bxe4 38. fxe4 Rd8 39. Nc1 f5 40. exf5 Rd4 0-1